Top Five UFC Fighters By Category #1 - Statistics

General Stats
  • This quiz has been taken 295 times
  • The average score is 16 of 42
Answer Stats
Country % Correct
Jon Jones
95%
Charles Oliveira
87%
Anderson Silva
86%
Max Holloway
86%
Georges St-Pierre
83%
Jim Miller
80%
Demetrious Johnson
76%
Derrick Lewis
65%
Islam Makhachev
64%
Dustin Poirier
62%
Kamaru Usman
58%
Umar Nurmagomedov
56%
Merab Dvalishvili
55%
Israel Adesanya
50%
Donald Cerrone
48%
Alex Pereira
38%
Belal Muhammad
38%
Amanda Nunes
36%
Sean Strickland
36%
Nate Diaz
34%
Rafael Dos Anjos
29%
Chuck Liddell
28%
Andrei Arlovski
26%
Dominick Cruz
24%
Frankie Edgar
23%
Clay Guida
19%
Demian Maia
19%
Matt Brown
19%
Neil Magny
19%
Alistair Overeem
18%
Angela Hill
15%
Benson Henderson
13%
King Green
13%
Jeremy Stephens
11%
Gleison Tibau
10%
Joanna Jedrzejczyk
10%
Edson Barboza
8%
Brad Tavares
5%
Gerald Meerschaert
5%
Darren Elkins
4%
Anthony Hamilton
3%
Tatiana Suarez
2%
No matching quizzes found
Score Distribution
Percent of People with Each Score
Percentile by Number Answered
Your Score History
You have not taken this quiz